|
|
|
|
| LEADER |
01911cam a2200493 a 4500 |
| 001 |
nkc20091928336 |
| 003 |
CZ PrNK |
| 005 |
20100222125558.0 |
| 007 |
ta |
| 008 |
090406s2009 xr ac c f 001 0dcze d |
| 015 |
|
|
|a cnb001928336
|
| 020 |
|
|
|a 978-80-7360-468-4
|q (váz.)
|
| 035 |
|
|
|a (OCoLC)505913995
|
| 040 |
|
|
|a KLG001
|b cze
|d ABA001
|
| 041 |
1 |
|
|a cze
|h eng
|
| 072 |
|
7 |
|a 930.85
|x Dějiny civilizace. Kulturní dějiny
|2 Konspekt
|9 8
|
| 072 |
|
7 |
|a 0/9-053.2
|x Literatura pro děti a mládež (naučná)
|2 Konspekt
|9 26
|
| 080 |
|
|
|a 930.85
|2 MRF
|
| 080 |
|
|
|a 0/9
|2 MRF
|
| 080 |
|
|
|a (0.062)
|2 MRF
|
| 080 |
|
|
|a (0.053.2)
|2 MRF
|
| 100 |
1 |
|
|a Macdonald, Fiona,
|d 1950-
|7 xx0017764
|4 aut
|
| 245 |
1 |
0 |
|a Kultura lidstva :
|b Ottova encyklopedie /
|c Fiona Macdonald, Antony Mason ; [z anglického originálu ... přeložil Jan Jásek]
|
| 246 |
3 |
0 |
|a Ottova encyklopedie - Kultura lidstva
|
| 260 |
|
|
|a Praha :
|b Ottovo nakladatelství,
|c 2009
|
| 300 |
|
|
|a 256 s. :
|b il. (převážně barev.), portréty ;
|c 23 cm
|
| 500 |
|
|
|a Terminologický slovník
|
| 500 |
|
|
|a Obsahuje rejstřík
|
| 650 |
0 |
7 |
|a kulturní dějiny
|7 ph122020
|2 czenas
|
| 650 |
0 |
7 |
|a všeobecné znalosti
|7 ph127322
|2 czenas
|
| 650 |
0 |
9 |
|a cultural history
|2 eczenas
|
| 650 |
0 |
9 |
|a general knowledge
|2 eczenas
|
| 655 |
|
7 |
|a populárně-naučné publikace
|7 fd131864
|2 czenas
|
| 655 |
|
7 |
|a publikace pro děti
|7 fd133156
|2 czenas
|
| 655 |
|
9 |
|a popular works
|2 eczenas
|
| 655 |
|
9 |
|a children's literature
|2 eczenas
|
| 700 |
1 |
|
|a Mason, Antony,
|d 1954-
|7 xx0015866
|4 aut
|
| 765 |
0 |
|
|t Culture book
|9 Česky
|
| 856 |
4 |
1 |
|u http://www.digitalniknihovna.cz/mzk/uuid/uuid:1a7e79b0-73fb-11e5-9690-005056827e51
|y Digitalizovaný dokument
|x NDK
|
| 910 |
2 |
|
|a BOA001
|b 2-1235.181
|
| 990 |
|
|
|a BK
|
| 995 |
|
|
|a 01
|
| 991 |
|
|
|b 201001
|c NOV
|j 930.85 MAC
|
| 996 |
6 |
|
|b 2610405027
|c 2-1235.181
|l MZK
|r Sklad / do 1 hodiny
|n 3
|p p.v.
|w 001103134
|u 000010
|a 1
|e BOA001
|j MZK50
|s P
|